| 000 | 02739cam a22004814i 4500 | ||
|---|---|---|---|
| 003 | PE-LiUPU | ||
| 005 | 20250731173049.0 | ||
| 008 | 180104s2016 mau0 rb 000 0 eng d | ||
| 020 | _a9789004308213 | ||
| 035 | _a(Sirsi) a240853 | ||
| 040 |
_aPE-LiUPU _bspa _cPE-LiUPU _erda |
||
| 049 | _aPRUA | ||
| 082 | 0 | 4 |
_a229.913 _bO69 _223 |
| 100 | 1 |
_aOrlov, Andrei A., _eautor. |
|
| 245 | 1 | 4 |
_aThe atoning dyad : _bthe two goats of Yom Kippur in the Apocalypse of Abraham / _cAndrei A. Orlov. |
| 264 | 1 |
_aBoston : _bBrill; _c2016 |
|
| 300 |
_a178 páginas ; _c25 centímetros. |
||
| 336 |
_atext _2rdacontent |
||
| 337 |
_aunmediated _2rdamedia |
||
| 338 |
_avolume _2rdacarrier |
||
| 490 | 0 | _aStudia Judaeoslavica ;vVolume 8 | |
| 504 | _aBibliografía : páginas 161-172. | ||
| 505 | 0 | _aAcknowledgements; Abbreviations; Introduction -- Interpretation of the Two Goats' Imagery in Early Jewish and Christian Materials -- Cain and Abel -- Isaac and Ishmael -- Jacob and Esau -- Joseph; The Angel of the Divine Name and Satan in the Book of Zechariah -- Asael in the Book of the Watchers; Barabbas and Jesus in the Gospel of Matthew -- Jesus as the Immolated Goat in the Epistle to the Hebrews -- Jesus as the Scapegoat and the Immolated Goat in Second- and Third-Century Christian Materials -- Azazel as an Eschatological Scapegoat in the Apocalypse of Abraham -- The Sacerdotal Vision of the Slavonic ApocalypseThe Lot of Azazel -- The Crimson Band and the Placement of the Garment of Human Sins on Azazel -- The Ritual Maltreatment of the Scapegoat: Azazel's Accursing; Azazel's Exile into the Wilderness and the Abyss -- Goats to Azazel: The Antagonist as the Recipient of the Scapegoats -- Abraham as an Eschatological Goat for YHWH in the Apocalypse of Abraham -- Abraham as a Sacrificial Offering -- The Lot of God and Abraham; Yahoel's Right Hand -- The Garment of Abraham -- The Antagonistic Movements of the Goats: Abraham's Entrance in the Celestial Holy of HoliesAbraham's Fiery Trials -- Abraham as the Purification Offering for the Polluted Sanctuary. | |
| 526 | _aSEG42 | ||
| 526 | _aSEG41 | ||
| 526 | _aSEG40 | ||
| 526 | _aSEG39 | ||
| 526 | _aP94 | ||
| 526 | _aP87 | ||
| 526 | _aP86 | ||
| 526 | _aP85 | ||
| 526 | _aP77 | ||
| 526 | _aP76 | ||
| 526 | _aP35 | ||
| 650 | 1 | 4 | _aApocalipsis de Abraham. |
| 650 | 2 | 4 | _aChivo expiatorio. |
| 650 | 2 | 4 | _aYom Kippur. |
| 910 |
_adbm _bksl _cksl _d20180104 |
||
| 596 | _a1 | ||
| 942 |
_2ddc _cBOOK |
||
| 999 |
_a229.913 O69 _wLC _c26547 _i77919 _f2021-11-9 _g4 _lCCODEBUL1 _mBUL _p10.00 _r0 _sY _tBOOK _u2018-1-4 _xTEOLOGIA _PP85 _0COMPRA _o.STAFF. Colección Teología _d26547 |
||
| 980 |
_81 _gALBERTO SANCHEZ Responsable de Automatización |
||